[Event "Titled Tuesday intern op 21st Feb Late"]
[Site "Chess.com INT"]
[Date "2023.02.21"]
[Round "2"]
[White "Santos Flores, Alberto Javier"]
[Black "Bikuzhin, Vaksim"]
[Result "0-1"]
[WhiteElo "2164"]
[BlackElo "2279"]
[PlyCount "44"]
[EventDate "2023.02.21"]
[EventType "swiss (blitz)"]
[EventRounds "11"]
[EventCountry "USA"]
[SourceTitle "CBM 212 Extra"]
[Source "ChessBase"]
[SourceDate "2023.03.31"]
[SourceVersion "1"]
[SourceVersionDate "2023.03.31"]
[SourceQuality "1"]

1. e4 c5 2. Nf3 e6 3. g3 b6 4. Bg2 Bb7 5. Qe2 Nc6 6. 0-0 Be7 7. c3 d5 8. exd5 Qxd5 9. d4 Nf6 10. Bf4 0-0 11. Re1 cxd4 12. Ne5 Qxg2+ 13. Kxg2 Nxe5+ 14. Kf1 Nf3 15. Nd2 Nxe1 16. Rxe1 dxc3 17. bxc3 Rac8 18. Be5 Rfd8 19. Nb3 Nd7 20. Bd4 Bf8 21. Rd1 Nb8 22. Be3 Ba6 0-1

[Event "Titled Tuesday intern op 07th Feb Late"]
[Site "Chess.com INT"]
[Date "2023.02.07"]
[Round "5"]
[White "Bikuzhin, Vaksim"]
[Black "Ortega Amarelle, Mariano"]
[Result "1-0"]
[WhiteElo "2279"]
[BlackElo "2472"]
[PlyCount "59"]
[EventDate "2023.02.07"]
[EventType "swiss (blitz)"]
[EventRounds "11"]
[EventCountry "USA"]
[SourceTitle "EXT 2024"]
[Source "ChessBase"]
[SourceDate "2023.10.10"]
[SourceVersion "1"]
[SourceVersionDate "2023.10.10"]
[SourceQuality "1"]

1. e4 c6 2. d4 d5 3. e5 Bf5 4. h4 h5 5. c4 e6 6. Nc3 Ne7 7. Bg5 dxc4 8. Bxc4 Nd7 9. Nge2 Nb6 10. Bb3 Qd7 11. Ng3 Bg6 12. 0-0 Ned5 13. Nce4 Be7 14. Bxe7 Qxe7 15. Nd6+ Kf8 16. f4 Ne3 17. Qd2 Nf5 18. Ngxf5 Bxf5 19. g3 g6 20. a4 Rd8 21. a5 Nc8 22. Nxf5 gxf5 23. Rf3 Qd7 24. Rd3 Ne7 25. Bd1 c5 26. Rc1 cxd4 27. Rc4 Nc6 28. Bf3 Kg7 29. Bxc6 bxc6 30. Rcxd4 1-0

[Event "Titled Tuesday intern op 07th Feb Late"]
[Site "Chess.com INT"]
[Date "2023.02.07"]
[Round "4"]
[White "Rasulov, Vugar Ural Oglu"]
[Black "Bikuzhin, Vaksim"]
[Result "1-0"]
[WhiteElo "2516"]
[BlackElo "2279"]
[PlyCount "123"]
[EventDate "2023.02.07"]
[EventType "swiss (blitz)"]
[EventRounds "11"]
[EventCountry "USA"]
[SourceTitle "EXT 2024"]
[Source "ChessBase"]
[SourceDate "2023.10.10"]
[SourceVersion "1"]
[SourceVersionDate "2023.10.10"]
[SourceQuality "1"]

1. d4 Nf6 2. c4 e6 3. Nc3 d5 4. Bg5 Be7 5. e3 h6 6. Bh4 0-0 7. Rc1 c6 8. Nf3 Nbd7 9. Be2 Ne4 10. Bxe7 Qxe7 11. 0-0 Nxc3 12. Rxc3 dxc4 13. Rxc4 e5 14. Qc2 exd4 15. Rxd4 Nf6 16. Rfd1 Be6 17. b4 Rfd8 18. a3 Rxd4 19. Nxd4 Bg4 20. Bxg4 Nxg4 21. h3 Nf6 22. Nf5 Qf8 23. Nd6 Qe7 24. Rd4 Rd8 25. Qc5 Qc7 26. e4 Rd7 27. e5 Nd5 28. Qxa7 f6 29. Nc4 fxe5 30. Rd2 Kh7 31. Qc5 b6 32. Qf8 Rf7 33. Qe8 Re7 34. Qh5 e4 35. Ne3 Nxe3 36. fxe3 Qe5 37. Qxe5 Rxe5 38. Rd6 b5 39. Rxc6 Rd5 40. Kf2 Rd3 41. Re6 Rxa3 42. Rxe4 Rb3 43. Kf3 Kg6 44. Rd4 Kf6 45. h4 h5 46. Rd5 Rxb4 47. Rxh5 g6 48. Rc5 Rxh4 49. Rxb5 Ra4 50. Rb6+ Kf5 51. e4+ Kg5 52. Rb5+ Kf6 53. Kf4 Ra1 54. Rb6+ Kf7 55. g4 Re1 56. Rb7+ Kf6 57. g5+ Ke6 58. Rb6+ Kf7 59. Ke5 Rg1 60. Rb7+ Kg8 61. Kf6 Rg4 62. e5 1-0

[Event "Titled Tuesday intern op 24th Jan Late"]
[Site "Chess.com INT"]
[Date "2023.01.24"]
[Round "1"]
[White "Donskov, Anatoly"]
[Black "Bikuzhin, Vaksim"]
[Result "0-1"]
[WhiteElo "2279"]
[BlackElo "2279"]
[PlyCount "60"]
[EventDate "2023.01.24"]
[EventType "swiss (blitz)"]
[EventRounds "11"]
[EventCountry "USA"]
[SourceTitle "EXT 2024"]
[Source "ChessBase"]
[SourceDate "2023.10.10"]
[SourceVersion "1"]
[SourceVersionDate "2023.10.10"]
[SourceQuality "1"]

1. e4 c5 2. Nf3 e6 3. d4 cxd4 4. Nxd4 Nf6 5. Nc3 d6 6. f4 Nc6 7. Be3 Be7 8. Qf3 Bd7 9. g4 Nxd4 10. Bxd4 e5 11. fxe5 dxe5 12. Bxe5 Bxg4 13. Bb5+ Kf8 14. Qg2 a6 15. Bd3 Bh5 16. Rg1 Rg8 17. Qh3 Qc8 18. Qh4 Bg6 19. Qg3 Qc5 20. Bf4 Nh5 21. Qf3 Qxg1+ 22. Kd2 Qxa1 23. Nd5 Nxf4 24. Qxf4 Qxb2 25. Qc7 Bg5+ 26. Ke2 Bh5+ 27. Kf2 Qd4+ 28. Kg2 Re8 29. Nb6 g6 30. Nd7+ Kg7 0-1

[Event "Titled Tuesday intern op 17th Jan Late"]
[Site "Chess.com INT"]
[Date "2023.01.17"]
[Round "2"]
[White "Davidson, Kevin"]
[Black "Bikuzhin, Vaksim"]
[Result "0-1"]
[WhiteElo "2154"]
[BlackElo "2279"]
[PlyCount "66"]
[EventDate "2023.01.17"]
[EventType "swiss (blitz)"]
[EventRounds "11"]
[EventCountry "USA"]
[SourceTitle "CBM 212 Extra"]
[Source "ChessBase"]
[SourceDate "2023.03.31"]
[SourceVersion "1"]
[SourceVersionDate "2023.03.31"]
[SourceQuality "1"]

1. e4 c5 2. Nf3 e6 3. d4 cxd4 4. Nxd4 Nf6 5. Nc3 d6 6. Be3 a6 7. g4 h6 8. f3 b5 9. Qd2 Bb7 10. 0-0-0 Nbd7 11. Bd3 Rc8 12. h4 b4 13. Na4 d5 14. exd5 Nxd5 15. g5 Be7 16. g6 Bf6 17. Rhg1 Ne5 18. gxf7+ Kxf7 19. f4 Nxd3+ 20. Qxd3 Re8 21. Kb1 Qa5 22. b3 Nxe3 23. Qxe3 Qc7 24. Rd2 Bd5 25. Nf3 Bxf3 26. Qxf3 Red8 27. Rdg2 Qd6 28. f5 Qd4 29. fxe6+ Kf8 30. c3 bxc3 31. Kc2 Rc7 32. Rxg7 Qd2+ 33. Kb1 c2# 0-1

[Event "Titled Tuesday intern op 03rd Jan Early"]
[Site "Chess.com INT"]
[Date "2023.01.03"]
[Round "2"]
[White "Bikuzhin, Vaksim"]
[Black "Andreev, Konstantin"]
[Result "1/2-1/2"]
[WhiteElo "2279"]
[BlackElo "2130"]
[PlyCount "160"]
[EventDate "2023.01.03"]
[EventType "swiss (blitz)"]
[EventRounds "11"]
[EventCountry "USA"]
[SourceTitle "EXT 2024"]
[Source "ChessBase"]
[SourceDate "2023.10.10"]
[SourceVersion "1"]
[SourceVersionDate "2023.10.10"]
[SourceQuality "1"]

1. e4 c5 2. Nc3 Nc6 3. f4 g6 4. Nf3 Bg7 5. Bb5 d6 6. 0-0 e6 7. d3 Nge7 8. Qe1 0-0 9. f5 gxf5 10. Bg5 f6 11. Be3 fxe4 12. dxe4 Ng6 13. Bxc6 bxc6 14. Rd1 Qe7 15. Nh4 Ne5 16. b3 Bd7 17. h3 Be8 18. Qd2 d5 19. Na4 d4 20. Bf2 Bh5 21. Rde1 Kh8 22. Bg3 Nd7 23. Nb2 Rg8 24. Kh2 Qf8 25. Nc4 Bh6 26. Qf2 Qg7 27. Bd6 Bg5 28. g4 Bf7 29. Nf3 Bg6 30. Nxg5 fxg5 31. e5 Qh6 32. Nb2 Rg7 33. Na4 Rf7 34. Qg3 Rg8 35. Rxf7 Bxf7 36. Nxc5 Nxc5 37. Bxc5 Bg6 38. Re2 Qg7 39. Bxd4 Rf8 40. Bc5 Rf4 41. Bd6 Qf7 42. Bc5 Rf3 43. Rf2 Rxg3 44. Rxf7 Rxh3+ 45. Kxh3 Bxf7 46. Be7 h6 47. c4 Kh7 48. b4 Bg6 49. Kg3 Bd3 50. c5 Bc4 51. a3 Kg6 52. Bd6 h5 53. Bb8 a6 54. Bd6 h4+ 55. Kh3 Bf1+ 56. Kh2 Be2 57. Kh3 Kf7 58. Bc7 Ke7 59. Bd6+ Kf7 60. Bc7 Kg6 61. Bd8 Bd3 62. Be7 Be2 63. Bf6 Bd1 64. Be7 Be2 65. Bd8 Bd3 66. a4 Bc2 67. a5 Bd3 68. Be7 Bb5 69. Bd8 Kh6 70. Be7 Kg6 71. Bf8 Kf7 72. Bd6 Kg6 73. Bc7 Bc4 74. Bd8 Bb5 75. Bc7 Bc4 76. Bd8 Bb5 77. Be7 Bc4 78. Bf6 Bb5 79. Bd8 Bc4 80. Be7 Bb5 1/2-1/2